000 00495nam a2200181Ia 4500
008 090124s9999 xx 000 0 und d
082 _b128320
100 _aकर्णिक हेमन
245 _a डेडली किलर
250 _a1
260 _c1998
300 _a228
600 _aकर्णिक हेमन
630 _a डेडली किलर
700 _aकर्णिक हेमन
730 _a डेडली किलर
942 _cBOOK
999 _c174409
_d174409